Statistiques concernant Dates - Le Printemps des peuples

Cliquez ici pour prendre le quiz!

Statistiques générales

  • Ce quiz a été pris 12 fois
  • Le résultat moyen est 9 sur 31

Statistiques - réponses

EvènementPrécisionDate% Correct
Mort de Ferdinand VII, accession de sa fille Isabelle au pouvoirAnnée1833
63%
Première guerre carlisteAnnées1833-1840
50%
Deuxième guerre carlisteAnnées1846-1849
50%
Adoption du Ten Hours Act par le Parlement britanniqueAnnée1847
50%
Coup d'Etat de Louis-Napoléon BonaparteJour, mois et année2 décembre 1851
50%
Début du Second EmpireJour, mois et année2 décembre 1852
50%
Début de la guerre civile suisseAnnéeFin 1847
50%
Meeting aux thermes de Prague adoptant une pétition adressée au gouvernement viennois, soulèvementJour, mois et année11 mars 1848
38%
Metternich est chassé du pouvoir en AutricheJour, mois et année13 mars 1848
38%
Interdiction d'un banquet sur les Champs-Elysées conduisant à la révolutionJour, mois et année22 février 1848
38%
Election de Louis-Napoléon Bonaparte à la Présidence de la République françaiseJour, mois et année10 décembre 1848
25%
Révolution à NaplesJour, mois et année12 janvier 1848
25%
Elaboration d'un plan en 12 points à Vienne, préfigurant les lois d'avril concédées par Ferdinand IerJour, mois et année15 mars 1848
25%
Troisième guerre carlisteAnnées1872-1876
25%
Election d'une Assemblée Nationale constituante en FranceJour, mois et année23 avril 1848
25%
Révolution à MilanJour, mois et année3 janvier 1848
25%
Début des manifestations à Budapest, notamment menées par PetofiJour, mois et année3 mars 1848
25%
Refus de la couronne par Frédéric-Guillaume IV de PrusseMois et annéeAvril 1849
25%
Rédaction d'une Constitution pour la PrusseMois et annéeDécembre 1848
25%
Reprise de Prague par l'armée de WindischgrätzMois et annéeJuin 1848
25%
Dispersion du Parlement de FrancfortMois et annéeJuin 1849
25%
Reculade d'Olmütz face à l'AutricheMois et annéeNovembre 1850
25%
Reprise de Vienne par l'armée de WindischgrätzMois et annéeOctobre 1848
25%
Révolution matée en Hongrie par les Russes et les CroatesMois et annéeSeptembre 1848
25%
Constitution libérale suisseJour, mois et année12 septembre 1848
13%
Election de l'Assemblée, victoire du Parti de l'OrdreJours, mois et année13-14 mai 1849
13%
Création du Parlement unitaire de FrancfortJour, mois et année18 mai 1848
13%
Début de la révolution à BerlinJour, mois et année18 mars 1848
13%
Journées de JuinJours, mois et année22-26 juin 1848
13%
Loi restreignant la liberté de la presse (autorisation préalable)Jour, mois et année27 juillet 1849
13%
Réunion d'une assemblée non élue à FrancfortJour, mois et année30 mars 1848
13%

Distribution des résultats

Percentile par nombre de réponses

% des personnes avec chaque résultat

Votre développement - résultats

Vous n’avez pas pris ce quiz